000 00440nam a2200157 i 4500
001 23326
003 ES-MaACL
005 20230906152843.0
007 t|
008 021210s1972 xxu ||||1| spa d
100 1 _aAlvarez, Rolando.
_920674
245 1 0 _aMi Habana
_b: poemas desde el destierro /
_cAlvaro de Villa (seud.).
260 _aMiami :
_bUniversal,
_c[1972]
300 _a95 p. ;
_c17 cm.
852 _aES-MaACL
_jC-44958
_bR.80623
999 _c23326
_d23326